000
00277nam a2200109Ia 4500
008
190912s9999||||xx |||||||||||||| ||und||
100
_a
Philippe kruchten
245
4
_a
The Rational Unified Process An Introduction
260
_a
USA
_b
Addision
_c
2000
300
_a
298
942
_c
BK
999
_c
7494
_d
7494